Le Nicaragua pour les touristes... - Facile - Statistiques

Statistiques générales
  • Ce quiz a été pris 5 fois
  • Le résultat moyen est 11 sur 20
Statistiques - réponses
Question Indice Réponses Indice facile % Correct
Autre langue parlée Anglais
100%
Quelle est la langue officielle ? Espagnol
100%
Le suffixe internet est ni
100%
Quel est le climat local ? T Tropical
100%
Combien d'heures (environ) mettrez-vous pour vous y rendre ? (en chiffres) 15
75%
Dans la capitale quel est le décalage horaire avec Paris ? (+ ou - et chiffre) ex - 10 - 8
75%
La vitesse est limitée hors des villes à {80} km/h
75%
La religion majoritaire est Catholicisme C
75%
Avez-vous besoin d'un visa ? (oui/non) Non
75%
Quelles sont les principaux lieux touristiques ? N Lac {Nicaragua} CGRIUANAA
50%
Le principal aéroport est M Managua
50%
Achats à faire 1/ En terre cuite Poteries SIEPRETO
50%
Achats à faire 2/ Alcool Rhum MURH
50%
Comment se nomme la principale compagnie aérienne locale A A Atlantic Airlines ILNTELIRNAIASTAC
25%
Quelle est la monnaie ? Cordoba C
25%
La conduite se fait à droite ou à gauche ? Droite
25%
Quelles sont les principaux lieux touristiques ? G Granada GRAADNA
25%
Quelles sont les principaux lieux touristiques ? M Masaya YSAMAA
25%
Achats à faire 3/ Récipient traditionnel Jicara CARIJA
0%
Quelles sont les principaux lieux touristiques ? M Volcan {Mombacho} HMMCAOOB
0%
Aucun quiz correspondant
Distribution des résultats
% des personnes avec chaque résultat
Percentile par nombre de réponses
Votre historique - résultats
Vous n’avez pas pris ce quiz